Joukkueet, joissa Olli Jokinen on pelannut - Statistics

Yleistilastot
  • Tätä visaa on pelattu 59 kertaa
  • Keskiarvotulos 10 / 16
Vastaustilastot
Kaudet Liiga Joukkue % Oikein
2000-08 NHL Florida Panthers
96%
1996-98 SM-Liiga HIFK
96%
2004-05 SM-Liiga HIFK
96%
1995-96 SM-Liiga KalPa
72%
1997-99 NHL Los Angeles Kings
72%
2008-10 NHL Calgary Flames
70%
2010-12 NHL Calgary Flames
70%
2009-10 NHL New York Rangers
65%
2014-15 NHL Nashville Predators
59%
1999-00 NHL New York Islanders
59%
2012-14 NHL Winnipeg Jets
54%
2014-15 NHL St. Louis Blues
46%
2008-09 NHL Phoenix Coyotes
41%
2014-15 NHL Toronto Maple Leafs
35%
2004-05 Sveitsi Kloten
17%
2004-05 Ruotsi Södertälje
9%
Ehtoja vastaavia visoja ei löytynyt
Tulosjakauma
Jokaisen tuloksen saaneiden osuus
Persentiili vastausten määrän mukaan
Tuloshistoriasi
Et ole pelannut tätä visaa